Statistiken für Die größten städtischen Verdichtungsräume 2021

Klicken Sie hier um das Quiz zu spielen!

Allgemein

  • Dieses Quiz wurde 90 mal gespielt
  • Das Durchschnittsergebnis liegt bei 7 aus 10

Antwortstatistiken

Nr.StadtEW (in Mio.)% Korrekt
1Tokio39
99%
8Shanghai22
90%
2Jakarta35
74%
7Mumbai22
72%
9Mexiko-Stadt22
71%
3Delhi32
64%
4Manila24
63%
5Sao Paulo22
60%
10Guangzhou21
56%
6Seoul22
55%

Verteilung der Resultate

Perzentil nach korrekt beantworteten Fragen

Anzahl Personen mit jedem Resultat

Ihre Resultats-Entwicklung

Sie haben dieses Quiz noch nicht gespielt